A Concise Dictionary of English Slang (Record no. 63035)
[ view plain ]
| 000 -LEADER | |
|---|---|
| fixed length control field | 00547nam a22001937a 4500 |
| 003 - CONTROL NUMBER IDENTIFIER | |
| control field | NUST - PNEC |
| 005 - DATE AND TIME OF LATEST TRANSACTION | |
| control field | 20170116180802.0 |
| 008 - FIXED-LENGTH DATA ELEMENTS--GENERAL INFORMATION | |
| fixed length control field | 150417b xxu||||| |||| 00| 0 eng d |
| 020 ## - INTERNATIONAL STANDARD BOOK NUMBER | |
| International Standard Book Number | 0340388129 |
| 040 ## - CATALOGING SOURCE | |
| Transcribing agency | LIBRARY |
| 082 ## - DEWEY DECIMAL CLASSIFICATION NUMBER | |
| Classification number | 427.09 PHY |
| 100 ## - MAIN ENTRY--PERSONAL NAME | |
| 9 (RLIN) | 2684 |
| Personal name | Phythian, B. A.; |
| 245 ## - TITLE STATEMENT | |
| Title | A Concise Dictionary of English Slang |
| Statement of responsibility, etc. | B.A. Phythian |
| 250 ## - EDITION STATEMENT | |
| Edition statement | - |
| 260 ## - PUBLICATION, DISTRIBUTION, ETC. | |
| Place of publication, distribution, etc. | London: |
| Name of publisher, distributor, etc. | Hodder & Styoughton, |
| Date of publication, distribution, etc. | c 1986. |
| 300 ## - PHYSICAL DESCRIPTION | |
| Extent | 196 p . : |
| 650 ## - SUBJECT ADDED ENTRY--TOPICAL TERM | |
| 9 (RLIN) | 2685 |
| Topical term or geographic name entry element | A Concise Dictionary of English Slang |
| General subdivision | English language. |
| 942 ## - ADDED ENTRY ELEMENTS (KOHA) | |
| Source of classification or shelving scheme | |
| Koha item type | Book |
| Withdrawn status | Lost status | Source of classification or shelving scheme | Damaged status | Not for loan | Permanent Location | Current Location | Shelving location | Date acquired | Source of acquisition | Cost, normal purchase price | Total Checkouts | Full call number | Barcode | Date last seen | Cost, replacement price | Price effective from | Koha item type |
|---|---|---|---|---|---|---|---|---|---|---|---|---|---|---|---|---|---|
| Pakistan Navy Engineering College (PNEC) | Pakistan Navy Engineering College (PNEC) | 01/18/1963 | PNS Badar Vide Later No. 11/334 | 0.00 | 427.09 PHY | PNECLIB-016766 | 04/17/2015 | 0.00 | 01/18/1963 | Book |
